ბათუმის შოთა რუსთაველის სახელმწიფო უნივერსიტეტის ბიბლიოთეკა

MONEY : theory and practice / (ბიბ.ჩანაწერი № 58754)

000 -LEADER
fixed length control field 00746nam a22002297a 4500
005 - DATE AND TIME OF LATEST TRANSACTION
control field 20221107170733.0
008 - FIXED-LENGTH DATA ELEMENTS--GENERAL INFORMATION
fixed length control field 220714s2019en xxu||||| |||| 00| 0 eng d
020 ## - INTERNATIONAL STANDARD BOOK NUMBER
International Standard Book Number 9783030196998 X
020 ## - INTERNATIONAL STANDARD BOOK NUMBER
International Standard Book Number 9783030196974(eBook) X
041 ## - LANGUAGE CODE
Language code of text/sound track or separate title eng
080 ## - UNIVERSAL DECIMAL CLASSIFICATION NUMBER
Universal Decimal Classification number 336.74 C-11
100 ## - MAIN ENTRY--PERSONAL NAME
Personal name Cao, Jin .
9 (RLIN) 14410
245 ## - TITLE STATEMENT
Title MONEY : theory and practice /
Statement of responsibility, etc. Jin Cao, Gerhard Illing .
264 ## - PRODUCTION, PUBLICATION, DISTRIBUTION, MANUFACTURE, AND COPYRIGHT NOTICE
Place of production, publication, distribution, manufacture Munich :
Name of producer, publisher, distributor, manufacturer SPRINGER NATURE,
Date of production, publication, distribution, manufacture, or copyright notice 2019.
300 ## - PHYSICAL DESCRIPTION
Extent 406 p.:
Dimensions 23cm.
440 ## - SERIES STATEMENT/ADDED ENTRY--TITLE
Title Springer Texts in Business and Economics
9 (RLIN) 14411
653 ## - INDEX TERM--UNCONTROLLED
keyword MONEY : theory and practice.
653 ## - INDEX TERM--UNCONTROLLED
keyword ფული: თეორია და პრაქტიკა
653 ## - INDEX TERM--UNCONTROLLED
keyword ეკონომიკა
700 ## - ADDED ENTRY--PERSONAL NAME
Personal name Illing, Gerhard
9 (RLIN) 14412
942 ## - ADDED ENTRY ELEMENTS (KOHA)
Source of classification or shelving scheme
Koha item type წიგნი
ეგზემპლარები
Withdrawn status Lost status Source of classification or shelving scheme Damaged status Not for loan Permanent Location Current Location Shelving location Date acquired Cost, normal purchase price Full call number Barcode Date last seen Copy number Price effective from Koha item type Public note
          ბათუმის შოთა რუსთაველის სახელმწიფო უნივერსიტეტის მთავარი ბიბლიოთეკა ბათუმის შოთა რუსთაველის სახელმწიფო უნივერსიტეტის მთავარი ბიბლიოთეკა წიგნსაცავი 2022-07-14 210.00 336.74 C-11 62988 2022-07-14 62988 2022-07-14 წიგნი 210gel.